|
|
|
|
| LEADER |
01478nam a2200397Ia 4500 |
| 001 |
EBC3338784 |
| 003 |
MiAaPQ |
| 005 |
20200520144314.0 |
| 006 |
m o d | |
| 007 |
cr cn||||||||| |
| 008 |
070813s2008 mauab sb 001 0 eng d |
| 010 |
|
|
|z 2007032377
|
| 020 |
|
|
|z 0262026457 (hardcover : alk. paper)
|
| 020 |
|
|
|z 9780262026451
|
| 035 |
|
|
|a (MiAaPQ)EBC3338784
|
| 035 |
|
|
|a (Au-PeEL)EBL3338784
|
| 035 |
|
|
|a (CaPaEBR)ebr10218516
|
| 035 |
|
|
|a (CaONFJC)MIL209948
|
| 035 |
|
|
|a (OCoLC)221648177
|
| 040 |
|
|
|a MiAaPQ
|c MiAaPQ
|d MiAaPQ
|
| 050 |
|
4 |
|a HG4538
|b .F619198 2008
|
| 082 |
0 |
4 |
|a 332.67/214
|2 22
|
| 245 |
0 |
0 |
|a Foreign direct investment and the multinational enterprise
|h [electronic resource] /
|c edited by Steven Brakman and Harry Garretsen.
|
| 260 |
|
|
|a Cambridge, Mass. :
|b MIT Press,
|c c2008.
|
| 300 |
|
|
|a viii, 290 p. :
|b ill., maps.
|
| 490 |
1 |
|
|a CESifo seminar series
|
| 504 |
|
|
|a Includes bibliographical references and index.
|
| 533 |
|
|
|a Electronic reproduction. Ann Arbor, MI : ProQuest, 2015. Available via World Wide Web. Access may be limited to ProQuest affiliated libraries.
|
| 650 |
|
0 |
|a International business enterprises.
|
| 650 |
|
0 |
|a Investments, Foreign.
|
| 655 |
|
4 |
|a Electronic books.
|
| 700 |
1 |
|
|a Brakman, Steven.
|
| 700 |
1 |
|
|a Garretsen, Harry.
|
| 710 |
2 |
|
|a ProQuest (Firm)
|
| 830 |
|
0 |
|a CESifo seminar series.
|
| 856 |
4 |
0 |
|u https://ebookcentral.proquest.com/lib/matrademy/detail.action?docID=3338784
|z Click to View
|